KOHA-Header-6

Theories of Personality (Record no. 845)

000 -LEADER
fixed length control field 00309nam a2200121Ia 4500
008 - FIXED-LENGTH DATA ELEMENTS--GENERAL INFORMATION
fixed length control field 190722s9999 xx 000 0 und d
020 ## - INTERNATIONAL STANDARD BOOK NUMBER
International Standard Book Number 13.978-1-25-909837-6
100 ## - MAIN ENTRY--PERSONAL NAME
Personal name Jess Feist Gregory J.Feist
245 #0 - TITLE STATEMENT
Title Theories of Personality
260 ## - PUBLICATION, DISTRIBUTION, ETC. (IMPRINT)
Place of publication, distribution, etc India
Name of publisher, distributor, etc MC Graw Hill
Date of publication, distribution, etc 2013
300 ## - PHYSICAL DESCRIPTION
Extent 573
942 ## - ADDED ENTRY ELEMENTS (KOHA)
Koha item type Books
Holdings
Withdrawn status Lost status Damaged status Not for loan Collection code Permanent Location Current Location Shelving location Date acquired Total Checkouts Full call number Barcode Date last seen Date checked out Price effective from Koha item type
        Psychology MAJU MAJU Shelf No.B35 2019-07-22 4 155.2 7471 2025-09-30 2025-02-21 2019-07-22 Psychology

Powered by Koha